Statistics for Countries named "Guo" (國) in Chinese

Click here to take the quiz!

General Stats

  • This quiz has been taken 688 times
  • The average score is 9 of 13

Answer Stats

HintAnswer% Correct
法國 Fa GuoFrance
95%
中國 Zhong GuoChina
91%
德國 De GuoGermany
90%
美國 Mei GuoUnited States
90%
韓國 Han Guo(South) Korea
87%
泰國 Tai GuoThailand
87%
英國 Ying GuoUnited Kingdom
86%
俄國 E GuoRussia
67%
加國 Jia GuoCanada
54%
意國 Yi GuoItaly
52%
葡國 Pu GuoPortugal
52%
寮國 Liao GuoLaos
50%
以國 Yi GuoIsrael
35%

Score Distribution

Percentile by Number Answered

Percent of People with Each Score

Your Score History

You have not taken this quiz